| 000 | 00000nam 2200000za 4500 |
| 001 | 9.837972 |
| 003 | CaOODSP |
| 005 | 20221107151252 |
| 007 | cr ||||||||||| |
| 008 | 170608s2013 onca #o f000 0 eng d |
| 040 | |aCaOODSP|beng |
| 043 | |an-cn--- |
| 086 | 1 |aPS64-142/2013E-PDF |
| 245 | 00|aAre you taking a chance when your kids go online? |h[electronic resource]. |
| 260 | |a[Ottawa] : |bRoyal Canadian Mounted Police, |c[2013] |
| 300 | |a[2] p. : |bill. |
| 500 | |aIssued also in French under title: Couriez-vous une chance lorsque vos enfants vont en ligne? |
| 500 | |a"Internet safety for children under 9." |
| 692 | 07|2gccst|aChild safety |
| 710 | 2 |aRoyal Canadian Mounted Police. |
| 775 | 08|tCouriez-vous une chance lorsque vos enfants vont en ligne? |w(CaOODSP)9.837975 |
| 856 | 40|qPDF|s922 KB|uhttps://publications.gc.ca/collections/collection_2017/sp-ps/PS64-142-2013-eng.pdf |